| 000 | 00570nam a22001817a 4500 | ||
|---|---|---|---|
| 008 | 160216b xxu||||| |||| 00| 0 eng d | ||
| 020 | _a9789719919674 | ||
| 082 |
_22014 _aDFil 657.42 _bD37 |
||
| 100 |
_93006 _aDe Leon, Guillermo M. Jr. |
||
| 245 |
_aCost accounting/ _cGuillermo M. De Leon, Jr. |
||
| 250 | _a2014 Edition | ||
| 260 |
_aManila, Philippines; _bGIC Enterprises & Co., Inc., _cc2014. |
||
| 300 |
_a440 pages: _billustration; _c22.5 cm. |
||
| 650 | 0 |
_93007 _aCost accounting |
|
| 700 |
_93008 _aDe Leon, Norma D. |
||
| 365 |
_b695.00 _cPhp. |
||
| 942 |
_2ddc _cBK |
||
| 999 |
_c1093 _d1093 |
||